Szczegóły MARC21

Besedy K. S. Stanislavskogo v studii Bol'šogo Teatra v 1918-1922 gg. /

003 -Nazwa inst., której nr kontr. jest w polu 001 [,]
    • @
    • Nazwa instytucji, której n kontrolny jest w polu 001
    • NUKAT
005 -DATA I CZAS OSTATNIEJ MODYFIKACJI [,]
    • @
    • pole kontrolne
    • 20241231105706.0
040 -Instytucja sporządzająca opis [ , ]
    • a
    • Instytucja, która sporządziła opis (NP)
    • OLSZT 003/WO
    • c
    • Instytucja, która sporządziła rekord (NP)
    • OLSZT 003/WOs
    • d
    • Instytucja, która zmodyfikowała rekord (P)
    • OLSZT 003/MK
942 -Rodzaj dokumentu [ , ]
    • c
    • Rodzaj dokumentu
    • Książka
100 -Hasło główne - nazwa osobowa [1, ]
    • a
    • Nazwa osobowa (NP)
    • Stanislavskij, Konstantin Sergeevič
    • d
    • Daty biograficzne (NP)
    • (1863-1938).
    • 9
    • KHW
    • 70276
245 -Strefa tytułu i oznaczenia odpowiedzialności [1,0]
    • a
    • Tytuł
    • Besedy K. S. Stanislavskogo v studii Bol'šogo Teatra v 1918-1922 gg. / Find
    • c
    • Pozostałe elementy strefy tytułu i oznaczenia odpowiedzialności (NP)
    • zapisany K. E. Antarovoj ; pod obŝ. red. Û. S. Kalašnikova.
250 -Strefa wydania [ , ]
    • a
    • Oznaczenie wydania (NP)
    • 2-e dop. izd.
260 -Strefa adresu wydawniczego [ , ]
    • a
    • Miejsce wydania (P)
    • Moskva :
    • b
    • Nazwa wydawcy (P)
    • Vserossijskoe Teatral'noe Obŝestvo,
    • c
    • Data wydania (P)
    • 1947.
300 -Strefa opisu fizycznego [ , ]
    • a
    • Określenie formy książki i/lub objętość (NP)
    • 181, [2] s. ;
    • c
    • Format (NP)
    • 22 cm.
336 -Typ zawartości [ , ]
    • a
    • Termin opisujący typ zawartości
    • Tekst
    • b
    • Kod określający zawartość
    • txt
    • 2
    • Źródło (terminu i kodu)
    • rdacontent
337 -Typ mediów [ , ]
    • a
    • Tryb odtwarzania
    • Bez urządzenia pośredniczącego
    • b
    • Kod typu mediów
    • n
    • 2
    • Źródło (terminu i kodu)
    • rdamedia
338 -Typ/rodzaj nośnika [ , ]
    • a
    • Hasło opisujące typ nośnika
    • Wolumin
    • b
    • Kod typu nośnika
    • nc
    • 2
    • Źródło (terminu i kodu)
    • rdacarrier
080 -Uniwersalna Klasyfikacja Dziesiętna [ , ]
    • a
    • Symbol klasyfikacji
    • 792.071(470)"18/19"Stanisławski K.=82
080 -Uniwersalna Klasyfikacja Dziesiętna [ , ]
    • a
    • Symbol klasyfikacji
    • :882-32=82
600 -Hasło przedmiotowe w formie nazwy osobowej [1,7]
    • a
    • Nazwa osobowa
    • Stanislavskij, Konstantin Sergeevič
    • d
    • Daty związane z nazwą
    • (1863-1938)
    • v
    • Określnik formalny
    • biografie.
    • 2
    • Źródło terminu
    • kaba
    • 9
    • KHW
    • 559632
650 -Hasło przedmiotowe [ ,7]
    • a
    • Hasło przedmiotowe
    • Teatr
    • z
    • Określnik geograficzny
    • Rosja
    • z
    • Określnik geograficzny
    • Moskwa
    • y
    • Określnik chronologiczny
    • 1900-1945.
    • 2
    • Źródło terminu
    • kaba
    • 9
    • KHW
    • 738953
980 -Symbol UKD [ , ]
    • a
    • UKD
    • 792.071(470)"18/19"Stanisławski K.:882-32]=82
700 -Hasło dodatkowe - nazwa osobowa [1, ]
    • a
    • Nazwa osobowa (NP)
    • Antarova, Konkordiâ Evgenʹevna Find
    • d
    • Daty biograficzne (NP)
    • (1886-1959).
    • 9
    • KHW
    • 738912
700 -Hasło dodatkowe - nazwa osobowa [1, ]
    • a
    • Nazwa osobowa (NP)
    • Kalašnikov, Ûrij Sergeevič. Find
    • e
    • Określenie rodzaju współpracy
    • Red.
    • 9
    • KHW
    • 738922
Data inwentaryzacji Lokalizacja Numer inwentarzowy Status udost.
2002-12-11BGJK.4231